| 000 | 00449nam a2200157Ia 4500 | ||
|---|---|---|---|
| 008 | 230312s9999||||xx |||||||||||||| ||und|| | ||
| 020 | _a81-88458-63-5 | ||
| 082 |
_a621.3 _bSIN-T |
||
| 100 | _aSingh;K.Sudeep | ||
| 245 | 0 | _aTrouble Shooting & Maintenance of Electronic Equipments | |
| 260 |
_bKatson _aIndia _c2011 |
||
| 300 | _a194 | ||
| 546 | _aEng. | ||
| 650 |
_aEngineering _vTrouble Shooting & Maintenance of Electronic Equipments |
||
| 942 | _cBK | ||
| 999 |
_c7628 _d7628 |
||